Analýza procesu triedenia partikulárneho materiálu

Na minha lista:
Detalhes bibliográficos
Autor principal: Jezsó, Kristian (Author)
Outros Autores: Peciar, Peter (Thesis advisor)
Formato: Manuscrito Livro
Idioma:eslovaco
Publicado em: 2023
Assuntos:
Acesso em linha:http://is.stuba.sk/zp/portal_zp.pl?podrobnosti=165698
Tags: Adicionar Tag
Sem tags, seja o primeiro a adicionar uma tag!

MARC

LEADER 00000ntm a22000003a 4500
001 stuzp82150
003 SK-STU
005 20230909210650.7
007 ta
008 150427s2015----xo-----f-mn---000-0-slo-d
040 |a STU  |b slo 
041 0 |a slo 
100 1 |a Jezsó, Kristian  |u 020040  |k Z8  |4 aut  |U SjF Strojnícka fakulta  |T SjF Ústav procesného inžinierstva  |X 81391  |U J0040  |Y 807  |7 81391 
242 0 1 |a Analysis of the sieving and screening processes of particulate material  |y eng 
245 1 0 |a Analýza procesu triedenia partikulárneho materiálu 
260 |c 2023 
650 4 |a partikulárny materiál  |2 slo 
650 4 |a proces triedenia  |2 slo 
650 4 |a procesné modely  |2 slo 
650 4 |a účinnosť triedenia  |2 slo 
650 4 |a particulate material  |2 eng 
650 4 |a efficiency  |2 eng 
650 4 |a process models  |2 eng 
650 4 |a sieving/screening  |2 eng 
700 1 |a Peciar, Peter  |u 020040  |k Z1  |4 ths  |U SjF Strojnícka fakulta  |T SjF Ústav procesného inžinierstva  |X 41013  |U J0040  |Y 807  |7 A000041013 
856 4 |u http://is.stuba.sk/zp/portal_zp.pl?podrobnosti=165698 
996 |b 284J047231  |c J* 119473  |l JJST  |s P  |a 0  |w stuzp82150_0001